000 00941nam a2200265Ia 4500
003 OSt
005 20221005110021.0
006 a|||||r|||| 00| 0
007 ta
008 221004b |||||||| |||| 00| 0 hin d
020 _a9788126049936 (hbk)
_cINR 300.00
024 _a37914
037 _bBW/1665, 14/03/2018, Bookwell
_cTextual
040 _aCRL
_cCRL
_bhin
041 _2hin
_ahin
082 _aO155:g, 152Q6
100 _aनेमाडे, भालचंद्र, ले.
245 0 _aटीका स्वंयवर
246 _aṬīkā svanyavara
260 _aनई दिल्ली
_bसाहित्य अकादेमी भारत
_c2016
300 _a391पृ0
_ccm.
650 _aमराठी साहित्य
942 _hO155:g, 152Q6
_cTEXL
_2cc
999 _c1017540
_d1017540